Les chapelles litteraires (Record no. 89614)

MARC details
000 -LEADER
campo de control de longitud fija 00656nam a2200205 i 4500
001 - NÚMERO DE CONTROL
campo de control 89614
003 - IDENTIFICADOR DE NÚMERO DE CONTROL
campo de control ES-MaACL
005 - FECHA Y HORA DE LA ÚLTIMA TRANSACCIÓN
campo de control 20260617125231.0
007 - CAMPO FIJO DE DESCRIPCIÓN FÍSICA--INFORMACIÓN GENERAL
campo de control de longitud fija t|
008 - DATOS DE LONGITUD FIJA--INFORMACIÓN GENERAL
campo de control de longitud fija 050111s1920 fr ||||1| fre d
100 1# - ENTRADA PRINCIPAL--NOMBRE DE PERSONA
Nombre de persona Lasserre, Pierre.
9 (RLIN) 70470
245 14 - MENCIÓN DEL TÍTULO
Título Les chapelles litteraires
Resto del título : Claudel, Jammes, Peguy /
Mención de responsabilidad, etc. Pierre Lasserre.
260 ## - PUBLICACIÓN, DISTRIBUCIÓN, ETC.
Lugar de publicación, distribución, etc. París :
Nombre del editor, distribuidor, etc. Librairie Garnier,
Fecha de publicación, distribución, etc. 1920 (
Lugar de fabricación/manufactura Abbeville :
Fabricante F. Paillart)
300 ## - DESCRIPCIÓN FÍSICA
Extensión 252 p. ;
Dimensiones 19 cm.
600 04 - PUNTO DE ACCESO ADICIONAL DE MATERIA--NOMBRE DE PERSONA
Nombre de persona Claudel, Paul,
Fechas asociadas al nombre 1868-1955-
Subdivisión general Crítica e interpretación
9 (RLIN) 39086
600 04 - PUNTO DE ACCESO ADICIONAL DE MATERIA--NOMBRE DE PERSONA
Nombre de persona Jammes, Francis.
9 (RLIN) 65987
600 04 - PUNTO DE ACCESO ADICIONAL DE MATERIA--NOMBRE DE PERSONA
Nombre de persona Péguy, Charles.
9 (RLIN) 89969
852 ## - LOCALIZACIÓN
Ubicación ES-MaACL
Número de control de estantería F-11368
Holdings
Estatus retirado Estado de pérdida Estado de daño No para préstamo Biblioteca de origen Biblioteca actual Ubicación en estantería Fecha de adquisición Fuente de adquisición Total de préstamos Signatura topográfica completa Código de barras Visto por última vez Precio de reemplazo Tipo de ítem Koha
        Biblioteca del Ateneo de Madrid Biblioteca del Ateneo de Madrid Sala Pecera Planta 2 17/01/2008     F-11368 1093590 23/02/2023 23/02/2023 Libro impreso